Engagement among permanent and non- manegerial employees of municipal development fund office (MDFO) of the department of finance / (Record no. 284043)
[ view plain ]
| 000 -LEADER | |
|---|---|
| fixed length control field | 00682nam a2200205Ia 4500 |
| 008 - FIXED-LENGTH DATA ELEMENTS--GENERAL INFORMATION | |
| fixed length control field | 150520s9999 xx 000 0 und d |
| 050 ## - LIBRARY OF CONGRESS CALL NUMBER | |
| Classification number | HF 5549.5.M63 |
| 050 ## - LIBRARY OF CONGRESS CALL NUMBER | |
| Item number | .Sa535 2015 |
| 100 ## - MAIN ENTRY--PERSONAL NAME | |
| Personal name | San Diego, Rey Benedict E. |
| 245 ## - TITLE STATEMENT | |
| Title | Engagement among permanent and non- manegerial employees of municipal development fund office (MDFO) of the department of finance / |
| 245 ## - TITLE STATEMENT | |
| Statement of responsibility, etc | Rey Benedict E. San Diego. |
| 260 ## - PUBLICATION, DISTRIBUTION, ETC. (IMPRINT) | |
| Place of publication, distribution, etc | Las Piñas, Philippines : |
| 260 ## - PUBLICATION, DISTRIBUTION, ETC. (IMPRINT) | |
| Name of publisher, distributor, etc | SISC, |
| 260 ## - PUBLICATION, DISTRIBUTION, ETC. (IMPRINT) | |
| Date of publication, distribution, etc | 2015. |
| 300 ## - PHYSICAL DESCRIPTION | |
| Extent | 58 pages: |
| 300 ## - PHYSICAL DESCRIPTION | |
| Other physical details | illustrations ; |
| 300 ## - PHYSICAL DESCRIPTION | |
| Dimensions | 28 cm. |
| 500 ## - GENERAL NOTE | |
| General note | Includes bibliographical references and appendices. |
| 650 ## - SUBJECT ADDED ENTRY--TOPICAL TERM | |
| Topical term or geographic name as entry element | Organizational Commitment |
No items available.